Normale Ansicht MARC-Ansicht ISBD

Über das Wesen und den Wert einer nationalen Gewerbsproduktivkraft / (Titelsatznr. 33924)

[ MARC ]
MARC-Details
000 -Satzkennung
Kontrollfeld mit fester Länge 00983nam a22002651c 4500
001 - Kontrollnummer
Kontrollfeld a987685660
008 - Feld mit fester Länge zur physischen Beschreibung - Allgemeine Angaben
Kontrollfeld mit fester Länge 060218s1946 gw |||| 000u ger d
041 ## - Sprachcode
Sprachcode des Textes/der Tonspur oder des separaten Titels ger
040 ## - Katalogisierungsquelle
Übertragungsstelle RU-10907106
003 - Kontrollnummer Identifier
Kontrollfeld RU-10907106
100 1# - Haupteintragung - Personenname
Personenname List, Friedrich
245 00 - Titel
Titel Über das Wesen und den Wert einer nationalen Gewerbsproduktivkraft /
Verfasserangabe etc. Friedrich List. [Hrsg. von August Skalweit]
264 ## - Produktion, Veröffentlichung, Distribution, Herstellung und Urheberrechtsvermerk
Herstellungs-, Veröffentlichungs- Vertriebs-, Erzeugungsort Frankfurt am Main :
Produzent, Herausgeber, Distributor, Hersteller Klostermann,
Datum der Herstellung, der Veröffentlichung, des Vertriebs oder des Urheberschutzvermerks 1946
300 ## - Physische Beschreibung
Umfang 59 S.
336 ## - Inhaltstyp
Inhaltstypterm Text
Inhaltstypcode txt
Quelle rdacontent
337 ## - Medientyp
Bezeichnung des Medientyps Computermedien
Medientypcode c
Quelle rdamedia
338 ## - Datenträgertyp
Datenträgertypbezeichnung Online-Ressource
Datenträgertypcode cr
Quelle rdacarrier
490 #0 - Gesamttitelangabe
Gesamttitelangabe Sozialökonomische Texte
Bandnummer/Folgebezeichnung 2
500 ## - Allgemeine Fußnote
Allgemeine Fußnote Online-Ressourse, frei zugänglich
500 ## - Allgemeine Fußnote
Allgemeine Fußnote Elektronische Version - Das Wesen und der Wert einer nationalen Gewerbsproduktivkraft - Ausgabe von 1900
700 1# - Nebeneintragung - Personenname
Personenname List, Friedrich
Funktionsbezeichnung HerausgeberIn
700 1# - Nebeneintragung - Personenname
Personenname Skalweit, August [Hrsg.]
Funktionsbezeichnung HerausgeberIn
856 4# - Elektronische Adresse und Zugriff
URL <a href="http://www.archive.org/details/daswesenunddenwe00list">http://www.archive.org/details/daswesenunddenwe00list</a>
942 ## - Zusätzliche Felder (Koha)
Koha-Medientyp E-Books
Exemplare
Ausgeschieden Verloren Beschädigt Nicht entleihbar Heimatbibliothek Aufenthaltsbibliothek Aufstellungsort Erwerbungsdatum Inventarnummer Signatur Barcode Letzte Aktivität Preis gültig von Koha-Medientyp
        MWN Osteuropa MWN Osteuropa Online-Ressource 18/02/2006 06-02316 Digiodß archiveorgß Dow E-19-e0provisorisch | G 40 cD Lis 101 33928 18/03/2021 22/03/2021 E-Books